000 00669nam a2200205 i 4500
001 59313
003 ES-MaACL
005 20230906164017.0
007 t|
008 031028s1972 sp a e 00110 spa d
080 _a908(460)(03)
245 0 0 _aEnciclopedia de orientación turística.
_n3.
260 _aMadrid :
_b[s.n.],
_c1972 (
_fGráf. Espejo)
300 _a1 v. :
_bil. ;
_c28 cm.
505 8 _aContiene: 3. Datos turísticos, comerciales e industriales: Cataluña y Baleares
650 4 _aTurismo-
_zCataluña.
_9168929
650 4 _aTurismo-
_zBaleares (Comunidad Autónoma)
_9171737
651 4 _aEspaña-
_xEnciclopedias.
_98196
852 4 _aES-MaACL
_jP-1470
999 _c59313
_d59313